[Event "77 España ch 2012"]
[Site "Maspalomas ESP"]
[Date "2012.10.05"]
[Round "7.11"]
[White "Ladron De Guevara Pinto, Paolo"]
[Black "Alonso Valiente, Alexis"]
[Result "0-1"]
[WhiteElo "2378"]
[BlackElo "2049"]
[PlyCount "76"]
[EventDate "2012.09.29"]
[EventType "swiss"]
[EventRounds "9"]
[EventCountry "ESP"]
[Source "lmi"]
[SourceDate "2012.09.29"]

1. e4 c5 2. Nf3 d6 3. d4 cxd4 4. Nxd4 Nf6 5. Nc3 a6 6. Bc4 e6 7. O-O b5 8. Bb3
Be7 9. f4 Bb7 10. Be3 b4 11. Na4 Bxe4 12. f5 e5 13. Bxf7+ Kxf7 14. Ne6 Qe8 15.
Nb6 Ra7 16. c4 bxc3 17. Qb3 d5 18. Ng5+ Kf8 19. Nxe4 dxe4 20. Qxc3 Ng4 21. f6
gxf6 22. Nd5 Rd7 23. Nxe7 Kxe7 24. Bc5+ Kf7 25. h3 Nh6 26. Be3 Ng8 27. Qc4+ Qe6
28. Qxe4 Ne7 29. Bg5 Ng8 30. Rf2 Kg7 31. Be3 Ne7 32. g4 Rhd8 33. Raf1 Rd1 34.
h4 R8d3 35. h5 Nd7 36. g5 f5 37. h6+ Kg6 38. Qf3 Qd5 0-1

[Event "77 España ch 2012"]
[Site "Maspalomas ESP"]
[Date "2012.10.05"]
[Round "7.12"]
[White "Perez Aleman, Pedro Tomas"]
[Black "Vega Gutierrez, Sabrina"]
[Result "0-1"]
[WhiteElo "2110"]
[BlackElo "2364"]
[PlyCount "114"]
[EventDate "2012.09.29"]
[EventType "swiss"]
[EventRounds "9"]
[EventCountry "ESP"]
[Source "lmi"]
[SourceDate "2012.09.29"]

1. e4 c5 2. Nf3 e6 3. d4 cxd4 4. Nxd4 Nc6 5. Nc3 a6 6. Be3 Nf6 7. Nxc6 bxc6 8.
e5 Nd5 9. Nxd5 cxd5 10. Bd3 d6 11. Bd4 Qg5 12. Qe2 dxe5 13. Bxe5 Be7 14. h4 Qh6
15. g4 O-O 16. Rh2 f6 17. f4 g6 18. g5 Qg7 19. gxf6 Bxf6 20. h5 Bxe5 21. fxe5
Bd7 22. hxg6 hxg6 23. O-O-O Bb5 24. Qg4 Bxd3 25. Qxe6+ Qf7 26. Qxf7+ Kxf7 27.
Rxd3 Ke6 28. Rg3 Rf1+ 29. Kd2 Rg8 30. Re2 Rf5 31. Ra3 Rxe5 32. Rxa6+ Kf5 33.
Rf2+ Kg4 34. Rg2+ Kf5 35. Rf2+ Kg4 36. Rg2+ Kf5 37. Rf2+ Kg4 38. Ra4+ Kg3 39.
Raf4 g5 40. R2f3+ Kg2 41. Rf2+ Kg3 42. R2f3+ Kg2 43. Rf2+ Kg3 44. R4f3+ Kh4 45.
Re3 Rxe3 46. Kxe3 g4 47. a4 g3 48. Rd2 g2 49. Rd1 g1=Q+ 50. Rxg1 Rxg1 51. b4
Rg4 52. c3 Kg5 53. a5 Kf6 54. a6 Ke6 55. b5 Ra4 56. Kd3 Kd6 57. Kc2 Kc5 0-1

[Event "77 España ch 2012"]
[Site "Maspalomas ESP"]
[Date "2012.10.05"]
[Round "7.13"]
[White "Moreno Tejera, Emilio"]
[Black "Gonzalez Intelangelo, Gerardo"]
[Result "1-0"]
[WhiteElo "2358"]
[BlackElo "2010"]
[PlyCount "87"]
[EventDate "2012.09.29"]
[EventType "swiss"]
[EventRounds "9"]
[EventCountry "ESP"]
[Source "lmi"]
[SourceDate "2012.09.29"]

1. e4 e5 2. d4 d6 3. Nf3 Nf6 4. dxe5 Nxe4 5. Qd5 Nc5 6. Bg5 Be7 7. exd6 Qxd6 8.
Nc3 c6 9. Qxd6 Bxd6 10. O-O-O Bc7 11. Bc4 Ne6 12. Rhe1 O-O 13. Be7 Re8 14. Bd6
Bb6 15. Ne4 Nd7 16. Bg3 Ndf8 17. Nd6 Re7 18. Ng5 h6 19. Ngxf7 Rxf7 20. Nxc8
Rxc8 21. Rxe6 Nxe6 22. Bxe6 Rd8 23. Rxd8+ Bxd8 24. Kd2 Kf8 25. Bxf7 Kxf7 26.
Kd3 Ke6 27. Ke4 g6 28. Be5 h5 29. h3 Bb6 30. Bd4 c5 31. Be3 a5 32. a4 Ba7 33.
c4 Bb6 34. b3 Kd6 35. f4 Bd8 36. f5 g5 37. g4 hxg4 38. hxg4 Bf6 39. Bf2 b6 40.
Bg3+ Kd7 41. Be5 Be7 42. Kd5 Bf8 43. f6 Bh6 44. Bd6 1-0

[Event "77 España ch 2012"]
[Site "Maspalomas ESP"]
[Date "2012.10.05"]
[Round "7.14"]
[White "Fernandez Garcia, Jose Miguel"]
[Black "Henriquez Garcia, David"]
[Result "1-0"]
[WhiteElo "2356"]
[BlackElo "1993"]
[PlyCount "29"]
[EventDate "2012.09.29"]
[EventType "swiss"]
[EventRounds "9"]
[EventCountry "ESP"]
[Source "lmi"]
[SourceDate "2012.09.29"]

1. e4 e6 2. Qe2 e5 3. Nf3 d6 4. d4 Nd7 5. Nc3 c6 6. Be3 Ngf6 7. h3 Be7 8. g4
O-O 9. g5 Nxe4 10. Nxe4 d5 11. Ng3 exd4 12. Nxd4 c5 13. Ndf5 d4 14. Nxe7+ Qxe7
15. Bf4 1-0

[Event "77 España ch 2012"]
[Site "Maspalomas ESP"]
[Date "2012.10.05"]
[Round "7.15"]
[White "Suarez Gomez, Julio"]
[Black "Pazos Porta, Antonio"]
[Result "1-0"]
[WhiteElo "2065"]
[BlackElo "2307"]
[PlyCount "115"]
[EventDate "2012.09.29"]
[EventType "swiss"]
[EventRounds "9"]
[EventCountry "ESP"]
[Source "lmi"]
[SourceDate "2012.09.29"]

1. e4 e6 2. d4 d5 3. Nc3 Nf6 4. Bg5 dxe4 5. Nxe4 Be7 6. Bxf6 gxf6 7. g3 e5 8.
d5 f5 9. Nc3 Nd7 10. Bg2 Nb6 11. Nge2 Bd6 12. a4 Bd7 13. b3 Qf6 14. Nb5 Rg8 15.
Nxd6+ cxd6 16. f4 h5 17. fxe5 dxe5 18. c4 Qd6 19. Qc2 Rc8 20. a5 Nxd5 21. Qd2
e4 22. Qxd5 Qb4+ 23. Qd2 Qxb3 24. Rc1 Be6 25. Nd4 Qa3 26. Nb5 e3 27. Nxa3 exd2+
28. Kxd2 h4 29. Bxb7 Rd8+ 30. Kc3 hxg3 31. Rhg1 f4 32. hxg3 fxg3 33. Nb5 Rg4
34. Nc7+ Ke7 35. Nxe6 fxe6 36. Rce1 Rdg8 37. Re3 R8g6 38. Rg2 Kf6 39. a6 Kf5
40. Kd3 Rg8 41. Kc3 R4g5 42. c5 Kf6 43. Kc4 Ke7 44. Rd3 Rg4+ 45. Kb5 R8g5 46.
Bc6 Kf6 47. Rd7 Rg7 48. Rxg7 Rxg7 49. Re2 e5 50. Bg2 Ke6 51. Kc6 Rh7 52. Bd5+
Kf6 53. Kd6 Rh8 54. c6 Rd8+ 55. Kc5 Rf8 56. Rg2 Ke7 57. Rxg3 Rd8 58. Rg8 1-0

[Event "77 España ch 2012"]
[Site "Maspalomas ESP"]
[Date "2012.10.05"]
[Round "7.16"]
[White "Alarcon Olmos, Daniel"]
[Black "Tejedor Fuentes, Enrique"]
[Result "1/2-1/2"]
[WhiteElo "1901"]
[BlackElo "2287"]
[PlyCount "108"]
[EventDate "2012.09.29"]
[EventType "swiss"]
[EventRounds "9"]
[EventCountry "ESP"]
[Source "lmi"]
[SourceDate "2012.09.29"]

1. d4 Nf6 2. c4 c5 3. d5 b5 4. Qc2 d6 5. e4 g6 6. cxb5 Bg7 7. Nc3 O-O 8. a4 a6
9. Ra3 axb5 10. Bxb5 e6 11. dxe6 fxe6 12. Nge2 d5 13. Bg5 d4 14. e5 dxc3 15.
exf6 Bxf6 16. Bxf6 Qxf6 17. Nxc3 Bb7 18. O-O Nc6 19. Ne4 Qe5 20. Re3 Nd4 21.
Qxc5 Qg7 22. Nd6 Bd5 23. Rd1 Nxb5 24. axb5 Qxb2 25. Red3 Ra2 26. Rxd5 exd5 27.
Qxd5+ Kg7 28. Ne4 Ra1 29. h4 Rf5 30. Qd7+ Rf7 31. Qd3 Rxd1+ 32. Qxd1 Qe5 33.
Qd3 Rf4 34. f3 Rxh4 35. Qd7+ Kh6 36. b6 Qa1+ 37. Kf2 Qb2+ 38. Kg3 Rh5 39. b7
Qe5+ 40. Kf2 Qb2+ 41. Kg3 Qe5+ 42. Kf2 Qb2+ 43. Kg3 Qb4 44. Qd8 Qxb7 45. Qf8+
Qg7 46. Qf4+ g5 47. Qd6+ Qg6 48. Qf8+ Qg7 49. Qd6+ Qg6 50. Qf8+ Qg7 51. Qd6+
Qg6 52. Qf8+ Qg7 53. Qd6+ Qg6 54. Qf8+ Qg7 1/2-1/2

[Event "77 España ch 2012"]
[Site "Maspalomas ESP"]
[Date "2012.10.05"]
[Round "7.17"]
[White "Suarez Garcia, Carlos"]
[Black "Ramirez Medina, Victor"]
[Result "1-0"]
[WhiteElo "2274"]
[BlackElo "1875"]
[PlyCount "157"]
[EventDate "2012.09.29"]
[EventType "swiss"]
[EventRounds "9"]
[EventCountry "ESP"]
[Source "lmi"]
[SourceDate "2012.09.29"]

1. d4 d5 2. c4 c6 3. Nf3 Nf6 4. Nc3 e6 5. g3 Nbd7 6. Qd3 Bd6 7. Bg2 O-O 8. O-O
b6 9. Rd1 Bb7 10. e4 dxe4 11. Nxe4 Nxe4 12. Qxe4 Qc7 13. Qc2 h6 14. b3 Rfe8 15.
Bb2 Rad8 16. Qc3 Be7 17. b4 c5 18. dxc5 Bf6 19. cxb6 Nxb6 20. Qb3 Bxb2 21. Qxb2
Nxc4 22. Qc3 Bd5 23. Ne1 Qb6 24. Bxd5 exd5 25. Nf3 Re4 26. Rd3 Qe6 27. Rad1 Nb6
28. Nd4 Qe5 29. Nc6 Qxc3 30. Rxc3 Rde8 31. a3 a6 32. Na5 Re1+ 33. Rxe1 Rxe1+
34. Kg2 Ra1 35. Kf3 Ra2 36. Ke3 g5 37. Rc6 Rxa3+ 38. Kd4 Nd7 39. Rxa6 Ra4 40.
Kc3 Kg7 41. Ra7 Ne5 42. f4 gxf4 43. gxf4 Nc4 44. Nc6 Rxa7 45. Nxa7 Kf6 46. Kd4
Ke6 47. Nb5 Nb6 48. Kc5 Na4+ 49. Kc6 Kf5 50. Kxd5 Kxf4 51. Nd6 f6 52. Ke6 Kg4
53. Kxf6 h5 54. Ne4 Kh3 55. Kg5 h4 56. Kh5 Kxh2 57. Kxh4 Kg2 58. Kg4 Nb6 59. b5
Nd5 60. Nc3 Nb6 61. Kf4 Kf2 62. Ke4 Ke1 63. Nd5 Nd7 64. Kd3 Kf2 65. Nc3 Kf3 66.
Kd4 Kf4 67. Kd5 Kf5 68. Na4 Kf6 69. Kd6 Ne5 70. Nb2 Nf7+ 71. Kc7 Ke6 72. b6 Nd6
73. Nc4 Nb5+ 74. Kc6 Nd4+ 75. Kc7 Nb5+ 76. Kc8 Kd5 77. b7 Na7+ 78. Kc7 Nb5+ 79.
Kb6 1-0

[Event "77 España ch 2012"]
[Site "Maspalomas ESP"]
[Date "2012.10.05"]
[Round "7.18"]
[White "Camino Carrio, Nicanor"]
[Black "Alvarado Diaz, Alejandro"]
[Result "1/2-1/2"]
[WhiteElo "1994"]
[BlackElo "2258"]
[PlyCount "77"]
[EventDate "2012.09.29"]
[EventType "swiss"]
[EventRounds "9"]
[EventCountry "ESP"]
[Source "lmi"]
[SourceDate "2012.09.29"]

1. e4 c5 2. Nf3 e6 3. d4 cxd4 4. Nxd4 a6 5. c4 Nf6 6. Nc3 Bb4 7. Qf3 Qc7 8. a3
Bc5 9. Nc2 Nc6 10. Be2 b6 11. Qg3 Qxg3 12. hxg3 Nd4 13. Nxd4 Bxd4 14. Bf3 Bb7
15. Be3 Bxe3 16. fxe3 e5 17. g4 d6 18. g5 Nd7 19. Be2 Nc5 20. Rh4 Ne6 21. Rg4
Bc6 22. O-O-O Ke7 23. Nd5+ Bxd5 24. exd5 Nf8 25. Rh4 Rc8 26. Kb1 Rc7 27. Rh3 g6
28. Rf1 Nd7 29. Rfh1 Nc5 30. Rh4 h5 31. gxh6 f5 32. g4 Ne4 33. gxf5 gxf5 34. h7
Kf6 35. Rh6+ Kg7 36. R6h5 Kf6 37. Rh6+ Kg7 38. R6h5 Kf6 39. Rh6+ 1/2-1/2

[Event "77 España ch 2012"]
[Site "Maspalomas ESP"]
[Date "2012.10.05"]
[Round "7.19"]
[White "Menvielle Laccourreye, Augusto"]
[Black "De Prado Rodriguez, Oscar Brun"]
[Result "1-0"]
[WhiteElo "2133"]
[BlackElo "2283"]
[PlyCount "49"]
[EventDate "2012.09.29"]
[EventType "swiss"]
[EventRounds "9"]
[EventCountry "ESP"]
[Source "lmi"]
[SourceDate "2012.09.29"]

1. e4 d5 2. exd5 Qxd5 3. Nc3 Qd8 4. d4 Nf6 5. Bc4 c6 6. Nf3 Bf5 7. O-O e6 8.
Qe2 Be7 9. h3 O-O 10. Bb3 Nbd7 11. Bf4 Nb6 12. Rad1 Nbd5 13. Bd2 h6 14. Ne5 Bd6
15. Rfe1 a5 16. a4 Qc7 17. Nc4 Bb4 18. Qf3 Bxc3 19. bxc3 b5 20. Ne5 bxa4 21.
Bxa4 c5 22. g4 Bh7 23. g5 hxg5 24. Bxg5 cxd4 25. cxd4 1-0

[Event "77 España ch 2012"]
[Site "Maspalomas ESP"]
[Date "2012.10.05"]
[Round "7.20"]
[White "Navarro Molina, David"]
[Black "Garcia Blanco, Omar"]
[Result "0-1"]
[WhiteElo "2122"]
[BlackElo "2277"]
[PlyCount "192"]
[EventDate "2012.09.29"]
[EventType "swiss"]
[EventRounds "9"]
[EventCountry "ESP"]
[Source "lmi"]
[SourceDate "2012.09.29"]

1. d4 Nf6 2. c4 c5 3. d5 b5 4. cxb5 a6 5. bxa6 g6 6. Nc3 Bxa6 7. g3 d6 8. Bg2
Bg7 9. Nf3 Nbd7 10. Rb1 O-O 11. O-O Nb6 12. b3 Bb7 13. Nh4 Nfd7 14. Bb2 Bxc3
15. Bxc3 Rxa2 16. Ra1 Qa8 17. e4 Nf6 18. Qc1 Rxa1 19. Bxa1 Qa2 20. Qc3 Ra8 21.
Bb2 c4 22. e5 Nfxd5 23. Qd4 c3 24. Bxc3 Qxb3 25. Ba1 Ra4 26. Qd1 Qxd1 27. Rxd1
dxe5 28. Bxe5 e6 29. Rb1 Nd7 30. Ba1 Bc6 31. Rc1 Nc5 32. Re1 Nb3 33. Be5 Nd2
34. Nf3 Nxf3+ 35. Bxf3 Ne7 36. Bxc6 Nxc6 37. Bf6 Ra8 38. Rb1 Rb8 39. Rc1 Rc8
40. Rb1 Na5 41. Kg2 Nc4 42. g4 Nd2 43. Rb4 Nc4 44. Kg3 Nd6 45. h4 Ne8 46. Bd4
Rd8 47. f3 f6 48. Bb2 Rd7 49. Rb6 Kf7 50. Rb8 Nd6 51. Bc1 Kg7 52. Ba3 h5 53.
Bxd6 Rxd6 54. Rb7+ Kh6 55. Rf7 e5 56. Re7 hxg4 57. Kxg4 Rd4+ 58. Kg3 Rf4 59.
Rf7 g5 60. hxg5+ Kxg5 61. Re7 Ra4 62. Re8 Ra1 63. Re6 Kf5 64. Re8 Ra3 65. Re7
Re3 66. Ra7 Rb3 67. Ra4 Rb8 68. Kf2 Rh8 69. Ke3 Rh2 70. Rb4 Ra2 71. Kd3 Kg5 72.
Rg4+ Kh5 73. Ke4 Ra3 74. Rg8 Ra4+ 75. Ke3 f5 76. Re8 Ra3+ 77. Ke2 Ra2+ 78. Ke3
Ra3+ 79. Ke2 Ra5 80. Rg8 Ra2+ 81. Kd3 Ra3+ 82. Ke2 f4 83. Re8 Re3+ 84. Kf2 Kg6
85. Ra8 Kf6 86. Ra6+ Kf5 87. Ra7 Rb3 88. Ra2 Ke6 89. Ra5 Rb2+ 90. Kf1 Rc2 91.
Ke1 Kd6 92. Ra8 Kd5 93. Ra4 Rc4 94. Ra8 Kd4 95. Rd8+ Ke3 96. Rd5 Rc1+ 0-1

[Event "77 España ch 2012"]
[Site "Maspalomas ESP"]
[Date "2012.10.05"]
[Round "7.21"]
[White "Menendez Rey, Francisco Javier"]
[Black "Arnaiz Yanes, Miguel Angel"]
[Result "1/2-1/2"]
[WhiteElo "2229"]
[BlackElo "2004"]
[PlyCount "108"]
[EventDate "2012.09.29"]
[EventType "swiss"]
[EventRounds "9"]
[EventCountry "ESP"]
[Source "lmi"]
[SourceDate "2012.09.29"]

1. d4 Nf6 2. Nc3 d5 3. Bg5 Nbd7 4. Nf3 h6 5. Bf4 a6 6. e3 e6 7. Be2 Be7 8. h3
O-O 9. O-O c5 10. a4 Re8 11. Bh2 Qb6 12. a5 Qc6 13. Re1 Bd6 14. Ne5 Qc7 15. f4
cxd4 16. exd4 Bb4 17. Bd3 Bxc3 18. bxc3 Qxc3 19. Kh1 Nf8 20. Re3 Qb4 21. c3 Qe7
22. Rb1 Qd8 23. Qa4 Re7 24. Qb4 N8d7 25. f5 Nb8 26. fxe6 Bxe6 27. Rbe1 Nc6 28.
Nxc6 bxc6 29. Qc5 Re8 30. Bg3 Qd7 31. Be5 Ne4 32. Bxe4 dxe4 33. Rg3 g6 34. Rxe4
Qd5 35. Qxd5 Bxd5 36. Rh4 Kh7 37. Bf4 h5 38. Be5 Kh6 39. Rf4 Ra7 40. Re3 Re6
41. Rf2 Rb7 42. Kh2 Rb5 43. h4 Rxa5 44. Rxf7 Rxe5 45. Rxe5 Ra2 46. Rf4 Rxg2+
47. Kh3 Rc2 48. Re3 a5 49. Rf8 Kg7 50. Ra8 Ra2 51. Kg3 a4 52. Kf4 Kf6 53. Rf8+
Kg7 54. Ra8 Kf6 1/2-1/2

[Event "77 España ch 2012"]
[Site "Maspalomas ESP"]
[Date "2012.10.05"]
[Round "7.22"]
[White "Natalicchio Escalante, Nicolas"]
[Black "Moya Mallafre, Erik"]
[Result "0-1"]
[WhiteElo "2208"]
[BlackElo "1988"]
[PlyCount "88"]
[EventDate "2012.09.29"]
[EventType "swiss"]
[EventRounds "9"]
[EventCountry "ESP"]
[Source "lmi"]
[SourceDate "2012.09.29"]

1. d4 d5 2. c4 e6 3. Nc3 c6 4. e3 Nf6 5. Nf3 Nbd7 6. Bd3 dxc4 7. Bxc4 b5 8. Bd3
b4 9. Ne4 Bb7 10. O-O Nxe4 11. Bxe4 Nf6 12. Bd3 Qd5 13. Qc2 c5 14. Bb5+ Nd7 15.
dxc5 O-O-O 16. Bd2 Ne5 17. c6 Nxf3+ 18. gxf3 Qg5+ 19. Kh1 Qxb5 20. cxb7+ Kxb7
21. Rac1 Bd6 22. a3 Qd5 23. Qd1 bxa3 24. bxa3 Bxa3 25. Rb1+ Ka8 26. e4 Qxd2 27.
Qa4 Qd6 28. Rbd1 Qc5 29. Rd7 Rxd7 30. Qxd7 Rb8 31. Ra1 a5 32. Qd3 Bb4 33. Ra2
Qb5 34. Qd1 Qc4 35. Rc2 Qb3 36. Kg2 Be7 37. Qf1 Qb5 38. Rc4 Ka7 39. Kh1 Kb6 40.
Qc1 Rd8 41. Qc3 Kb7 42. Qc1 Rd1+ 43. Qxd1 Qxc4 44. Qd7+ Qc7 0-1

[Event "77 España ch 2012"]
[Site "Maspalomas ESP"]
[Date "2012.10.05"]
[Round "7.23"]
[White "Sanchez Montesdeoca, Isaac"]
[Black "Nicolas Zapata, Irene"]
[Result "0-1"]
[WhiteElo "1771"]
[BlackElo "2193"]
[PlyCount "100"]
[EventDate "2012.09.29"]
[EventType "swiss"]
[EventRounds "9"]
[EventCountry "ESP"]
[Source "lmi"]
[SourceDate "2012.09.29"]

1. e4 c5 2. Nf3 d6 3. d4 cxd4 4. Nxd4 Nf6 5. Nc3 g6 6. Be3 Bg7 7. f3 O-O 8. Bc4
Nc6 9. Qd2 Nxd4 10. Bxd4 Be6 11. Bb3 Qa5 12. Bxe6 fxe6 13. O-O-O Rac8 14. Kb1
Rc4 15. Bxf6 Bxf6 16. Nd5 Qxd2 17. Nxf6+ Rxf6 18. Rxd2 Rc5 19. Re1 Rf4 20. Re3
g5 21. h3 h5 22. g3 Rf7 23. b3 Rc8 24. c4 Rcf8 25. Rdd3 e5 26. g4 Rh7 27. a3
hxg4 28. hxg4 Rh1+ 29. Kc2 Rf1 30. b4 Rf6 31. Kb3 Rh6 32. Ka4 Kf7 33. Kb5 Ke8
34. Rd5 Rh3 35. Rdd3 Rc1 36. Re2 Rh6 37. Ree3 a6+ 38. Ka5 Rxc4 39. Rc3 Rxc3 40.
Rxc3 d5 41. exd5 Rd6 42. a4 Kd8 43. b5 Kd7 44. Kb4 Rxd5 45. Re3 Kd6 46. Rc3
Rd4+ 47. Ka5 e4 48. fxe4 Rxe4 49. Rd3+ Kc5 50. bxa6 b6# 0-1

[Event "77 España ch 2012"]
[Site "Maspalomas ESP"]
[Date "2012.10.05"]
[Round "7.24"]
[White "Ramos Aguilar, Jose Manuel"]
[Black "De La Hoz Sanchez, Ruben"]
[Result "1/2-1/2"]
[WhiteElo "2183"]
[BlackElo "1973"]
[PlyCount "63"]
[EventDate "2012.09.29"]
[EventType "swiss"]
[EventRounds "9"]
[EventCountry "ESP"]
[Source "lmi"]
[SourceDate "2012.09.29"]

1. d4 d5 2. c4 c6 3. Nc3 Nf6 4. cxd5 cxd5 5. Bf4 e6 6. e3 Bd6 7. Bxd6 Qxd6 8.
Nf3 Nc6 9. Bb5 Bd7 10. O-O O-O 11. Rc1 Rac8 12. Qa4 a6 13. Bxc6 Rxc6 14. Ne5
Rc7 15. Qa5 Rfc8 16. h3 Be8 17. Rc2 Qd8 18. Rfc1 h6 19. Kh2 Qe7 20. a3 Bc6 21.
Na2 Ne8 22. Qb4 Qxb4 23. Nxb4 Bb5 24. Rxc7 Rxc7 25. Rxc7 Nxc7 26. Na2 Kf8 27.
Nc3 Ke7 28. Nxb5 Nxb5 29. Nd3 Kd7 30. Nc5+ Kc7 31. Nd3 Kd7 32. Ne5+ 1/2-1/2

[Event "77 España ch 2012"]
[Site "Maspalomas ESP"]
[Date "2012.10.05"]
[Round "7.25"]
[White "Cuenca Jimenez, Francisco Javi"]
[Black "Rossello Padron, Carlos"]
[Result "1-0"]
[WhiteElo "2177"]
[BlackElo "1882"]
[PlyCount "93"]
[EventDate "2012.09.29"]
[EventType "swiss"]
[EventRounds "9"]
[EventCountry "ESP"]
[Source "lmi"]
[SourceDate "2012.09.29"]

1. c4 Nf6 2. g3 c5 3. Bg2 d5 4. cxd5 Nxd5 5. Nc3 e6 6. Nxd5 exd5 7. Qb3 Nc6 8.
Qxd5 Qc7 9. Nf3 Be6 10. Qe4 Be7 11. O-O O-O-O 12. Qa4 g5 13. d3 h6 14. Be3 Bd7
15. Qc4 Be6 16. Qc1 Nb4 17. d4 Nd5 18. dxc5 Nxe3 19. Qxe3 Bxc5 20. Qc3 Kb8 21.
Rfc1 Rc8 22. b4 Bxf2+ 23. Kxf2 Qxc3 24. Rxc3 Rxc3 25. Nd4 Bc4 26. Rd1 Re8 27.
Rd2 Ra3 28. Rc2 Bxa2 29. Nb5 Ra4 30. Rc7 Rd8 31. Rxb7+ Kc8 32. Nxa7+ Rxa7 33.
Rxa7 Rd2 34. b5 Bc4 35. b6 Bxe2 36. Ra8+ Kd7 37. Ke3 Rb2 38. b7 Bf1 39. Ra7 Kc7
40. Bxf1 Kb8 41. Ra5 Rxh2 42. Rb5 h5 43. Bd3 h4 44. gxh4 Rh3+ 45. Kd4 Rxh4+ 46.
Be4 Rf4 47. Ra5 1-0

[Event "77 España ch 2012"]
[Site "Maspalomas ESP"]
[Date "2012.10.05"]
[Round "7.26"]
[White "Camarena Gimenez, Rufino"]
[Black "Lopez Rivera, Jesus"]
[Result "1-0"]
[WhiteElo "2393"]
[BlackElo "1839"]
[PlyCount "111"]
[EventDate "2012.09.29"]
[EventType "swiss"]
[EventRounds "9"]
[EventCountry "ESP"]
[Source "lmi"]
[SourceDate "2012.09.29"]

1. Nf3 Nf6 2. c4 g6 3. Nc3 Bg7 4. g3 O-O 5. Bg2 d6 6. O-O e5 7. d3 c6 8. Rb1 a5
9. a3 Qe7 10. Bg5 h6 11. Bxf6 Qxf6 12. b4 axb4 13. axb4 Qe7 14. Nd2 f5 15. Qb3
Na6 16. Na4 Be6 17. b5 cxb5 18. Qxb5 Nc7 19. Qb4 Ra7 20. Nb6 Kh7 21. e3 g5 22.
Ra1 Rxa1 23. Rxa1 Na6 24. Qa3 Nc5 25. Rb1 f4 26. Ne4 f3 27. Bf1 Rd8 28. Qa7
Nxe4 29. dxe4 Qc7 30. Nd5 Bxd5 31. exd5 Rd7 32. Bd3+ Kg8 33. Bf5 Re7 34. Be6+
Kh7 35. Qa4 b6 36. Qc2+ Kh8 37. Ra1 Qb8 38. Qe4 Ra7 39. Rxa7 Qxa7 40. Qxf3 Qa4
41. Qh5 Qa8 42. Qg6 Qf8 43. Bf5 Kg8 44. Qe6+ Kh8 45. Qd7 Qb8 46. g4 Kg8 47. Kg2
Kh8 48. h4 gxh4 49. Kh3 Kg8 50. Kxh4 Kh8 51. Kh5 Kg8 52. Qc8+ Qxc8 53. Bxc8 Kh7
54. Bf5+ Kg8 55. Kg6 Kf8 56. Be6 1-0

[Event "77 España ch 2012"]
[Site "Maspalomas ESP"]
[Date "2012.10.05"]
[Round "7.27"]
[White "Perez Castellano, Susana"]
[Black "Angel Acosta, Juan Carlos"]
[Result "0-1"]
[WhiteElo "1876"]
[BlackElo "2225"]
[PlyCount "118"]
[EventDate "2012.09.29"]
[EventType "swiss"]
[EventRounds "9"]
[EventCountry "ESP"]
[Source "lmi"]
[SourceDate "2012.09.29"]

1. e4 c5 2. Nf3 e6 3. d4 cxd4 4. Nxd4 Nf6 5. Nc3 Nc6 6. Be3 Qc7 7. Be2 a6 8.
O-O d6 9. a4 Be7 10. Nb3 b6 11. f4 Bb7 12. Bf3 Rc8 13. Nd4 Na5 14. f5 e5 15.
Nde2 Nc4 16. Bc1 Qc5+ 17. Kh1 Ne3 18. Bxe3 Qxe3 19. Ra3 Qc5 20. Nc1 Qc7 21. Ra1
O-O 22. g4 h5 23. h4 Qc4 24. Qd3 d5 25. Re1 d4 26. Nd5 Nxd5 27. Qxc4 Rxc4 28.
exd5 Bxh4 29. Rxe5 Rxc2 30. Re2 Rfc8 31. Rxc2 Rxc2 32. Nb3 Bf6 33. Re1 Rf2 34.
Bg2 Rf4 35. a5 Rxg4 36. axb6 Rh4+ 37. Kg1 Rg4 38. Kh1 Rxg2 39. Kxg2 Bxd5+ 40.
Kf1 Bc4+ 41. Kg1 Bxb3 42. b7 Be5 43. b8=Q+ Bxb8 44. Re8+ Kh7 45. Rxb8 Bc2 46.
Rd8 Bxf5 47. Rxd4 Be6 48. Ra4 Bc8 49. Rc4 Bb7 50. Rd4 Bc6 51. Rd6 Bb5 52. Kf2
g5 53. Ke3 Kg7 54. Ke4 Be2 55. Kf5 Bc4 56. Kxg5 Be2 57. Kh4 a5 58. Ra6 a4 59.
Rxa4 f5 0-1

[Event "77 España ch 2012"]
[Site "Maspalomas ESP"]
[Date "2012.10.05"]
[Round "7.28"]
[White "Buet, Samuel"]
[Black "Vega Gutierrez, Belinda"]
[Result "0-1"]
[WhiteElo "1845"]
[BlackElo "2206"]
[PlyCount "78"]
[EventDate "2012.09.29"]
[EventType "swiss"]
[EventRounds "9"]
[EventCountry "ESP"]
[Source "lmi"]
[SourceDate "2012.09.29"]

1. c4 e6 2. Nc3 d5 3. cxd5 exd5 4. d4 c6 5. Nf3 Bf5 6. Bf4 Nf6 7. a3 Bd6 8. Bg5
Nbd7 9. e3 O-O 10. Be2 Re8 11. Nh4 Bg6 12. Nxg6 hxg6 13. h4 b5 14. h5 gxh5 15.
Bxh5 Qc7 16. Qf3 Rab8 17. b4 a5 18. Rb1 axb4 19. axb4 Ra8 20. Qh3 Nxh5 21. Qxh5
f6 22. Qh7+ Kf7 23. Bh6 Rg8 24. Qf5 Rh8 25. Qh5+ Kf8 26. Bxg7+ Kxg7 27. Qg4+
Kf7 28. Rh5 Rag8 29. Qh3 Rxh5 30. Qxh5+ Kf8 31. Qh6+ Ke8 32. Qh5+ Kd8 33. Qh3
Re8 34. Ra1 Qb7 35. Qh7 Bxb4 36. Qc2 Kc7 37. Kd1 Bxc3 38. Qxc3 Ra8 39. Rc1 Ra2
0-1

[Event "77 España ch 2012"]
[Site "Maspalomas ESP"]
[Date "2012.10.05"]
[Round "7.29"]
[White "Cruz Ramirez, Nauzet"]
[Black "Trujillo Alvarado, Ivan"]
[Result "0-1"]
[WhiteElo "1760"]
[BlackElo "2151"]
[PlyCount "98"]
[EventDate "2012.09.29"]
[EventType "swiss"]
[EventRounds "9"]
[EventCountry "ESP"]
[Source "lmi"]
[SourceDate "2012.09.29"]

1. d4 Nf6 2. c4 g6 3. Nc3 Bg7 4. e4 d6 5. Nf3 O-O 6. Be2 Nbd7 7. O-O e5 8. Be3
c6 9. Qc2 Qe7 10. Rad1 Nh5 11. Rfe1 Re8 12. Bf1 Nf8 13. b4 Bg4 14. Be2 Nf4 15.
Bxf4 exf4 16. h3 Bc8 17. Bf1 h5 18. d5 Nd7 19. dxc6 bxc6 20. b5 Ne5 21. Be2
Nxf3+ 22. Bxf3 Qe5 23. Ne2 Bb7 24. bxc6 Bxc6 25. Nd4 Bd7 26. Qd3 Qa5 27. Re2
Be5 28. Nb3 Qa4 29. c5 Bb5 30. Qd2 Bxe2 31. Qxe2 dxc5 32. Nxc5 Qa3 33. Nd3 Rad8
34. Nxe5 Rxd1+ 35. Qxd1 Rxe5 36. Qd8+ Kg7 37. Qd4 Qc1+ 38. Kh2 Qc5 39. Qd2 Re6
40. Kg1 Qe5 41. Kh1 Rb6 42. Qd7 a5 43. Qa4 Rb2 44. Kg1 Qc5 45. Qd1 Qxf2+ 46.
Kh1 Qd2 47. Qf1 Rc2 48. Kh2 Rc1 49. Qb5 Qd4 0-1

[Event "77 España ch 2012"]
[Site "Maspalomas ESP"]
[Date "2012.10.05"]
[Round "7.30"]
[White "Lopez Colon, Francisco"]
[Black "Diaz Perez, Jose Juan"]
[Result "1-0"]
[WhiteElo "2093"]
[BlackElo "1730"]
[PlyCount "95"]
[EventDate "2012.09.29"]
[EventType "swiss"]
[EventRounds "9"]
[EventCountry "ESP"]
[Source "lmi"]
[SourceDate "2012.09.29"]

1. d4 d5 2. c4 e6 3. Nc3 Nf6 4. Bg5 Nbd7 5. e3 Bb4 6. Bxf6 Bxc3+ 7. bxc3 Nxf6
8. Qa4+ Bd7 9. Qb4 b6 10. Nf3 Qe7 11. Ne5 a5 12. Qb3 O-O 13. Be2 Rab8 14. O-O
Ne4 15. Rad1 a4 16. Qc2 Be8 17. Bd3 f5 18. cxd5 exd5 19. c4 c6 20. Bxe4 fxe4
21. Qxa4 b5 22. cxb5 cxb5 23. Qb3 Qd8 24. Rc1 Rf6 25. Rc5 Rd6 26. Rfc1 h6 27.
h3 Kh7 28. a3 Bh5 29. Rxb5 Ra8 30. Rcc5 Qf6 31. Rxd5 Rda6 32. Qc2 Rxa3 33.
Qxe4+ Kg8 34. Nd7 Ra1+ 35. Rb1 Rxb1+ 36. Qxb1 Qc6 37. Rxh5 Qxd7 38. Rb5 Qd6 39.
Rb6 Qc7 40. Rb7 Qd6 41. Qf5 Ra1+ 42. Rb1 Ra7 43. Qc5 Qd7 44. Rb8+ Kh7 45. Qc2+
g6 46. Qb2 Qc7 47. d5 h5 48. Rh8# 1-0